000
00480nam a2200145Ia 4500
008
100204s9999 xx 000 0 und d
082
_b
8092
100
_a
मोहाडीकर लिना
245
_a
कामसुखाचा क्षण
260
_b
"अंजली प्रकाशन, पुणे"
_c
1986
300
_a
215
630
_a
कामसुखाचा क्षण
730
_a
कामसुखाचा क्षण
942
_c
BOOK
999
_c
452528
_d
452525